Words That Appear on a U.S. One Dollar Bill - Sudden Death - Statistics

General Stats
  • This quiz has been taken 35 times
    30 since last reset
  • The average score is 11 of 16
Answers on the Grid
Answers color-coded by a green-red scale on the quiz's grid according to % correct below.
1600 Pennsylvania Avenue
All Lives Matter
Annuit Coeptis
Carpe Diem
Don't Tread on Me
E Pluribus Unum
Eight Bits
Et tu, Brute?
Federal Reserve Bank
Freemasonry
Give Me Liberty, or Give Me Death
Hakuna Matata
I Have a Dream
I'm Not a Crook
Illuminati
In God We Trust
In Vino Veritas
Incognito
Liberté, Égalité, Fraternité
Make America Great Again
MDCCLXXVI
Mission Accomplished
Novus Ordo Seclorum
One Dollar
Secretary of the Treasury
Series
Silver Certificate
The Department of Treasury
The Great Seal of the United States
The United States of America
This Note is Legal Tender for All Debts, Public and Private
Treasurer of the United States
Veni, Vidi, Vici
Washington
Washington, D.C.
We Hold These Truths to Be Self-Evident
 
Answer Stats
Answer % Correct
E Pluribus Unum
82%
In God We Trust
82%
The Department of Treasury
82%
One Dollar
77%
The Great Seal of the United States
77%
Federal Reserve Bank
73%
The United States of America
73%
MDCCLXXVI
68%
Secretary of the Treasury
68%
Treasurer of the United States
68%
This Note is Legal Tender for All Debts, Public and Private
64%
Series
59%
Washington
59%
Washington, D.C.
59%
Novus Ordo Seclorum
41%
Annuit Coeptis
32%
No matching quizzes found
Score Distribution
Percent of People with Each Score
Percentile by Number Answered
Your Score History
You have not taken this quiz since the last reset